01220nam a22002537a 4500003000900000005001700009008004400026040002200070092003700092245006200129246001900191260003200210300002700242505030400269650004300573650005100616650004200667650003600709910003700745942001200782952014000794956001700934999001500951DO-SdBNP20160413114926.0160413b1989 dr||||| |||| 00| 0 spa d aBPMSUbspacBPMSU a373.7 M425n 9no. 1989 aMatemática 9 :balgebra / cRita Abbott ... [et. al.]  aMatemática 9 aSanto Domingo :bRex,c1989 a188 p. : bil. : 26 cm tLa logica del algebratOperaciones con polinomio sobre z y qtEcuaciones lineales problemas del primer gradotExpresiones notables del algebratTeoría de la factoria sobre z y qtLa ecuación cuadraticatEl algebra de las expresiones racionalestEl algebra sobre rtFunciones lineales simultaneas 4aMATEMÁTICAS xENSEÑANZA SECUNDARIA aEDUCACIÓN SECUNDARIAzREPÚBLICA DOMINICANA 4aMATEMÁTICAS xESTUDIOS Y EJERCICIOS 4aMATEMÁTICASxLIBROS DE TEXTOS aValidado. Control de calidad MFF 2ddccBK 00102ddc40708ESCaBPMETbBPMETd2016-04-13eDonaciónl0o373.7 M425n 9no, 1989pBPMSU16040370r2016-04-13w2016-04-13yBK adaysi garcia c9723d9723